| 000 | 00541nam a22001577a 4500 | ||
|---|---|---|---|
| 999 |
_c216493 _d216493 |
||
| 005 | 20260326162511.0 | ||
| 008 | 260326b ||||| |||| 00| 0 eng d | ||
| 040 |
_aLC _cUNZA _dUNZA _eRDA |
||
| 050 | _aGOV.ZAM (02) n.d. | ||
| 110 | _aZambia. Ministry of Health | ||
| 245 |
_aNational guidelines for neighbourhood health committees / _cZambia. Ministry of Health |
||
| 260 |
_aLusaka: _bMinistry of Health, _cn.d. |
||
| 300 |
_av, 31 pages: _billustrations. |
||
| 650 |
_aNeighbourhood Health Committees _xCommunity health |
||
| 942 | _cGOV-PUBS | ||